005520000a2200169000450024501020000065000240010265000280012665000260015465000150018065000240019565100220021904100130024170000210025470000200027510000290029577300580032410aVascular plant species count in a wet forest in the Chocó area on the pacific coast of Colombia14aRiqueza de especies14aChocó biogeográfico14aSistemática vegetal14aBotánica14aTaxonomía vegetal 4dChocópColombia0 aInglés1 aSuárez, Stella1 aBalslev, Henrik1 aGaleano Garcés, Gloria1 tBiodiversity and Conservation379h7q1563-1575d1998